El periodo preceramico del Ecuador / (Record no. 2002)

000 -CABECERA
fixed length control field 00887nam a22002057a 4500
003 - IDENTIFICADOR DEL NÚMERO DE CONTROL
control field AR-CdUCM
008 - DATOS DE LONGITUD FIJA--INFORMACIÓN GENERAL
fixed length control field 190228b ||||| |||| 00| 0 spad
040 ## - FUENTE DE LA CATALOGACIÓN
Agencia/entidad que catalogó originalmente la obra MUNICIPALIDAD PROVINCIAL DEL CUSCO
Entidad que transcribió la catalogación BIBLIOTECA MUNICIPAL DEL CUSCO
082 ## - NÚMERO DE LA CLASIFICACIÓN DECIMAL DEWEY
No. de Clasificación 986.2 /
Notacion interna R36
100 ## - ENTRADA PRINCIPAL--NOMBRE DE PERSONA
Nombre Personal Reinoso Hermida, Gustavo
245 ## - MENCIÓN DE TÍTULO
Título El periodo preceramico del Ecuador /
260 ## - PUBLICACIÓN, DISTRIBUCIÓN, ETC.
Lugar de publicación, distribución, etc. Ecuador :
Nombre de la editorial, distribuidor, etc. Publicaciones del departamento de difusión cultural de la universidad de Cuenca,
Fecha de publicación, distribución, etc. 1993.
300 ## - DESCRIPCIÓN FÍSICA
Nº de Páginas Extensión 297 páginas ;
Dimensiones 21 cm.
505 ## - NOTA DE CONTENIDO CON FORMATO
Nota de contenido formateada Contenido : La geología historica y la evolución biológica -- El periodo precerámico en el Ecuador -- La litica tallada de las culturas agro-alfareras de la subregión andina austral del Ecuador.
650 ## - PUNTO DE ACCESO ADICIONAL DE MATERIA--TÉRMINO DE MATERIA
Descriptor Historia de Ecuador
9 (RLIN) 7286
650 ## - PUNTO DE ACCESO ADICIONAL DE MATERIA--TÉRMINO DE MATERIA
Descriptor Geología histórica
9 (RLIN) 7287
650 ## - PUNTO DE ACCESO ADICIONAL DE MATERIA--TÉRMINO DE MATERIA
Descriptor Evolución biológica
9 (RLIN) 7288
942 ## - ELEMENTOS DE PUNTO DE ACCESO ADICIONAL (KOHA)
Fuente de clasificación
Tipo de item Libros-BMC
945 ## - PROCESAMIENTO DE INFORMACIÓN LOCAL (OCLC)
Catalogador zta
Holdings
Estado de retiro (separado) Fuente de clasificación o esquema de estanterías Estado dañado Ubicación Sala donde se ubica Nombre de la colección Fecha de adquisición o compra Costo, precio normal en soles Signatura topográfica Código de Barras Última vez visto (Koha) Tipo de ítem (Koha)
No     Sala Humanidades Sala Humanidades Book Cart 2019-02-28 14.00 986.2 / R36 SH0000002432 2019-02-28 Libros-BMC

Powered by Koha